000
00273nam a2200133Ia 4500
100
_a
Ratan.S.S
942
_c
BK
366
_f
15
654
_a
Theory
245
_a
Theory of Machines
260
_b
Tata Mc Graw hill
_a
New Delhi
_c
1995
300
_a
686
546
_a
ENGLISH
999
_c
21647
_d
21647